The khyber pass : (Record no. 14916)
[ view plain ]
| 000 -LEADER | |
|---|---|
| fixed length control field | 00786nam a2200253 a 4500 |
| 001 - CONTROL NUMBER | |
| control field | ASIN1402756968 |
| 005 - DATE AND TIME OF LATEST TRANSACTION | |
| control field | 20170105102907.0 |
| 008 - FIXED-LENGTH DATA ELEMENTS--GENERAL INFORMATION | |
| fixed length control field | 131024s2008 xxu eng d |
| 020 ## - INTERNATIONAL STANDARD BOOK NUMBER | |
| International Standard Book Number | 1402756968 (hardcover) |
| Terms of availability | $24.95 |
| 020 ## - INTERNATIONAL STANDARD BOOK NUMBER | |
| International Standard Book Number | 9781402756962 (hardcover) |
| 040 ## - CATALOGING SOURCE | |
| Original cataloging agency | 0 |
| 050 04 - LIBRARY OF CONGRESS CALL NUMBER | |
| Classification number | DS374.K5 |
| 082 04 - DEWEY DECIMAL CLASSIFICATION NUMBER | |
| Classification number | 958 |
| 100 1# - MAIN ENTRY--PERSONAL NAME | |
| Personal name | Docherty, Paddy. |
| 245 14 - TITLE STATEMENT | |
| Title | The khyber pass : |
| Remainder of title | a history of empire & invasion / |
| Statement of responsibility, etc. | Paddy Docherty. |
| 260 ## - PUBLICATION, DISTRIBUTION, ETC. | |
| Place of publication, distribution, etc. | [S.l.] : |
| Name of publisher, distributor, etc. | Union Square Press, |
| Date of publication, distribution, etc. | 2008. |
| 300 ## - PHYSICAL DESCRIPTION | |
| Extent | 288 p. ; |
| Dimensions | 24 cm. |
| 520 ## - SUMMARY, ETC. | |
| Summary, etc. | Khyber Pass, invasion, 20th century history. |
| 650 #0 - SUBJECT ADDED ENTRY--TOPICAL TERM | |
| Topical term or geographic name entry element | Asia--Khyber Pass |
| 650 #0 - SUBJECT ADDED ENTRY--TOPICAL TERM | |
| Topical term or geographic name entry element | Docherty, Paddy |
| 650 #0 - SUBJECT ADDED ENTRY--TOPICAL TERM | |
| Topical term or geographic name entry element | Travel |
| 856 40 - ELECTRONIC LOCATION AND ACCESS | |
| Materials specified | Amazon.com |
| Uniform Resource Identifier | <a href="http://www.amazon.com/exec/obidos/ASIN/1402756968/chopaconline-20">http://www.amazon.com/exec/obidos/ASIN/1402756968/chopaconline-20</a> |
| 942 ## - ADDED ENTRY ELEMENTS (KOHA) | |
| Source of classification or shelving scheme | |
| Koha item type | Book |
| Withdrawn status | Lost status | Damaged status | Not for loan | Collection code | Permanent Location | Current Location | Shelving location | Date acquired | Total Checkouts | Full call number | Barcode | Date last seen | Price effective from | Koha item type |
|---|---|---|---|---|---|---|---|---|---|---|---|---|---|---|
| Centre for International Peace & Stability (CIPS) | Centre for International Peace & Stability (CIPS) | General Stacks | 10/01/2013 | 958 DOC 2007 | CIPS0001568 | 10/24/2013 | 10/24/2013 | Book |
